000 00724nam a22002057a 4500
008 160919b xxu||||| |||| 00| 0 eng d
020 _a0205163793
020 _a9780205163793
050 _aLD 1573
_b.I73 1997
100 _aIrvin,Judith L.
245 _aReading and the middle school student :
_bstrategies to enhance literacy/
_cJudith L. Irvin
250 _a2nd ed.
260 _aBoston :
_bAllyn and Bacon ,
_cc1998.
300 _ax, 277p. :
_bill. ;
500 _aIncludes index and references.
650 _aReading (elementary)
_xUnited states.
650 _aReading (middle school)
_xUnited states.
650 _aContent area reading
_xUnited states.
942 _2lcc
_cBOOKS
_hLD 1573 .I73 1997
999 _c13813
_d13813